000 01084nam0a22003131 4500
001 v19\rc\1298543
005 20260406164522.0
035 _a(NLR Aleph) 004444544
090 _a4438182
_c4438181
100 _a20060306d1865 |||y0rusy50 ca
101 0 _arus
102 _aRU
105 _ac z |||a|
200 1 _aВеликий князь Ярослав Первый
_eРассказ из русской истории
210 _aМосква
_cО-во распространения полез. кн.
_d1865
215 _a[2], 55 с., 1 л. портр.
_d21
300 _aНа обл.: Рассказ из русской истории
702 0 _4570
_7ca
_8rus
_aЯрослав Мудрый
_cвеликий князь киевский
_fок.978-1054
_9120772
_3RU\NLR\AUTH\7711014
801 0 _aRU
_bNLR
_gpsbo
801 0 _aRU
_bRuMoRGB
_2psbo
801 1 _aRU
_bProSoft-M
_2rusmarc
852 _aNLR
_j18.10.3.307
852 _aNLR
_j18.108.7.158
899 _aRuMoRGB
_jE 56/130
899 _aБАН
899 _aГПИБ
942 _cBOOK
980 _aNB